Rubber-to-metal bonding agents (Record no. 68316)

MARC details
000 -LEADER
fixed length control field 00330nam a2200133Ia 4500
100 ## - MAIN ENTRY--AUTHOR NAME
Personal name Milczarek Roman
245 #0 - TITLE STATEMENT
Title Rubber-to-metal bonding agents
260 ## - PUBLICATION, DISTRIBUTION, ETC. (IMPRINT)
Name of publisher Rubber World
Year of publication 1996
300 ## - PHYSICAL DESCRIPTION
Number of Pages 41-46
650 ## - SUBJECT ADDED ENTRY--TOPICAL TERM
Topical Term Metal bonding agent
650 ## - SUBJECT ADDED ENTRY--TOPICAL TERM
Topical Term Natural rubber
942 ## - ADDED ENTRY ELEMENTS (KOHA)
Koha item type Journals
Holdings
Withdrawn status Lost status Damaged status Not for loan Home library Current library Shelving location Date acquired Serial Enumeration / chronology Koha item type
      Journals RRII Library RRII Library Rubber chemistry 17/12/2021 Volume 214, Issue 1 Journals